| 000 | 00573nam a2200229Ia 4500 | ||
|---|---|---|---|
| 003 | OSt | ||
| 005 | 20220925182727.0 | ||
| 006 | a|||||r|||| 00| 0 | ||
| 007 | ta | ||
| 008 | 220923b |||||||| |||| 00| 0 eng d | ||
| 037 | _cGeneral Book | ||
| 040 |
_aRTL _cRTL _beng |
||
| 041 |
_2eng _aeng |
||
| 082 | _aU8.277N.N2, F3 | ||
| 100 |
_aHutton J _9257124 |
||
| 245 | 0 | _aReport on Naga Hills | |
| 260 |
_aDelhi _c1923 |
||
| 300 |
_a71p. _ccm. |
||
| 650 |
_aTravels _9238248 |
||
| 942 |
_hU8.277N.N2, F3 _cGB _2CC |
||
| 999 |
_c502988 _d502988 |
||